К расчету нелинейных цепей переменного и постоянного тока; Электричество; № 10

Detalles Bibliográficos
Parent link:Электричество/ Академия наук СССР (АН СССР).— , 1886-.— 0013-5380
№ 10.— 1954.— С. 39-42
Autor Principal: Пухов Г. Е. Георгий Евгеньевич
Outros autores: Амосова С. П.
Idioma:ruso
Publicado: 1954
Subjects:
Formato: MixedMaterials Capítulo de libro
KOHA link:https://koha.lib.tpu.ru/cgi-bin/koha/opac-detail.pl?biblionumber=461681

MARC

LEADER 00000naa2a2200000 4500
001 461681
005 20231101085557.0
035 |a (RuTPU)RU\TPU\prd\125737 
035 |a RU\TPU\tpu\4046 
090 |a 461681 
100 |a 20111128d1954 k |0rusy50 ca 
101 0 |a rus 
102 |a RU 
200 1 |a К расчету нелинейных цепей переменного и постоянного тока  |f Г. Е. Пухов, С. П. Амосова 
320 |a Библиогр.: 8 назв. 
461 0 |0 (RuTPU)RU\TPU\prd\447  |x 0013-5380  |t Электричество  |f Академия наук СССР (АН СССР)  |d 1886- 
463 0 |0 (RuTPU)RU\TPU\prd\125735  |t № 10  |v С. 39-42  |d 1954 
610 1 |a электротехника 
610 1 |a труды учёных ТПУ 
700 1 |a Пухов  |b Г. Е.  |c российский ученый, специалист в области электротехники  |c профессор Томского политехнического университета  |f 1916-1998  |g Георгий Евгеньевич  |2 stltpush  |3 (RuTPU)RU\TPU\pers\19855 
701 1 |a Амосова  |b С. П. 
801 0 |a RU  |b 63413507  |c 20011210  |g PSBO 
801 2 |a RU  |b 63413507  |c 20111209  |g PSBO 
942 |c BK